[Event "Liga Madrileña - DH 2016-2017"]
[Site "Madrid ESP"]
[Date "2017.02.12"]
[Round "9.11"]
[White "Moreno Ibanez, Miguel"]
[Black "Vazquez Igarza, Renier"]
[Result "0-1"]
[WhiteElo "2286"]
[BlackElo "2566"]
[PlyCount "62"]
[EventDate "2016.11.20"]
[EventType "team-tourn"]
[EventRounds "14"]
[EventCountry "ESP"]
[SourceTitle "Ajedrez en Madrid"]
[Source "lmi"]
[SourceDate "2016.11.20"]
[WhiteTeam "Pueblo Nuevo"]
[BlackTeam "Collado Villalba"]
[WhiteTeamCountry "ESP"]
[BlackTeamCountry "ESP"]

1. e4 c5 2. Nf3 e6 3. d4 cxd4 4. Nxd4 Nc6 5. Nc3 Qc7 6. g3 a6 7. Bg2 Nge7 8.
Nb3 Ne5 9. O-O b5 10. Qe2 h5 11. h3 N7g6 12. a4 b4 13. Nd1 Bb7 14. Ne3 h4 15.
f4 Nc6 16. g4 Nxf4 17. Rxf4 Qxf4 18. Nd5 Qb8 19. Bf4 Bd6 20. Bxd6 Qxd6 21. Ne3
Ne5 22. Rd1 Qc7 23. Nd4 O-O 24. Qf2 Ng6 25. Rf1 Rac8 26. b3 Qc5 27. Nc4 Ne5 28.
Nxe5 Qxe5 29. Re1 Rc3 30. Kh1 Rfc8 31. Rf1 f6 0-1

[Event "Liga Madrileña - DH 2016-2017"]
[Site "Madrid ESP"]
[Date "2017.02.19"]
[Round "10.12"]
[White "Alonso Nieto, Santiago"]
[Black "Gallardo Garcia, Andres"]
[Result "0-1"]
[WhiteElo "2121"]
[BlackElo "2327"]
[PlyCount "34"]
[EventDate "2016.11.20"]
[EventType "team-tourn"]
[EventRounds "14"]
[EventCountry "ESP"]
[SourceTitle "Ajedrez en Madrid"]
[Source "lmi"]
[SourceDate "2016.11.20"]
[WhiteTeam "Moratalaz"]
[BlackTeam "Liberty Chess"]
[WhiteTeamCountry "ESP"]
[BlackTeamCountry "ESP"]

1. d4 Nf6 2. c4 e6 3. Nc3 Bb4 4. Nf3 c5 5. g3 Nc6 6. Bg2 Ne4 7. Qd3 cxd4 8.
Nxd4 Nc5 9. Qe3 O-O 10. O-O Qf6 11. Nb3 Nxb3 12. axb3 b6 13. Ne4 Qe7 14. Rd1 f5
15. Nc3 Bb7 16. Nd5 exd5 17. Bxd5+ Kh8 0-1

[Event "Liga Madrileña - DH 2016-2017"]
[Site "Madrid ESP"]
[Date "2016.11.20"]
[Round "1.11"]
[White "Moreno Ibanez, Miguel"]
[Black "Moreno Trujillo, Alejandro"]
[Result "0-1"]
[WhiteElo "2286"]
[BlackElo "2488"]
[PlyCount "112"]
[EventDate "2016.11.20"]
[EventType "team-tourn"]
[EventRounds "14"]
[EventCountry "ESP"]
[SourceTitle "Ajedrez en Madrid"]
[Source "lmi"]
[SourceDate "2016.11.20"]
[WhiteTeam "Pueblo Nuevo"]
[BlackTeam "64 Villalba"]
[WhiteTeamCountry "ESP"]
[BlackTeamCountry "ESP"]

1. e4 e6 2. Qe2 c5 3. f4 Nc6 4. Nf3 g6 5. g3 Bg7 6. Bg2 Nge7 7. d3 Nd4 8. Qf2
d5 9. Nh4 b6 10. O-O f5 11. c3 Ndc6 12. Re1 O-O 13. exd5 exd5 14. Nf3 Ba6 15.
d4 cxd4 16. cxd4 Bd3 17. Bd2 Be4 18. Bc3 b5 19. b3 b4 20. Bb2 Qb6 21. Nbd2 Rfc8
22. Rec1 Rc7 23. Ng5 Nd8 24. Rc5 h6 25. Rac1 Rac8 26. Ngxe4 fxe4 27. Bh3 Nf5
28. Bxf5 gxf5 29. Nf1 Ne6 30. Rxc7 Rxc7 31. Rxc7 Qxc7 32. Ne3 Nxd4 33. Nxd5 Qc5
34. Ne7+ Kf7 35. Nxf5 Nf3+ 36. Kg2 Qxf2+ 37. Kxf2 Bxb2 38. Ke3 Nxh2 39. Kxe4 h5
40. Kd5 Kf6 41. Ne3 Bc1 42. Nc2 Nf1 43. Ke4 Nxg3+ 44. Kf3 Nf5 45. Nxb4 Ba3 46.
Nd5+ Kg6 47. b4 Kf7 48. Ke4 Ne7 49. Ne3 Bxb4 50. a4 Bd6 51. Ng2 Ke6 52. Ne3 Bc5
53. Nc4 Nf5 54. Ne5 Nd6+ 55. Kf3 Kd5 56. Ng6 Nf5 0-1

[Event "Liga Madrileña - DH 2016-2017"]
[Site "Madrid ESP"]
[Date "2016.11.20"]
[Round "1.12"]
[White "Perez Mitjans, Orelvis"]
[Black "Fernandez Lledo, Javier"]
[Result "1/2-1/2"]
[WhiteElo "2432"]
[BlackElo "2239"]
[PlyCount "97"]
[EventDate "2016.11.20"]
[EventType "team-tourn"]
[EventRounds "14"]
[EventCountry "ESP"]
[SourceTitle "Ajedrez en Madrid"]
[Source "lmi"]
[SourceDate "2016.11.20"]
[WhiteTeam "64 Villalba"]
[BlackTeam "Pueblo Nuevo"]
[WhiteTeamCountry "ESP"]
[BlackTeamCountry "ESP"]

1. e4 c5 2. Nf3 e6 3. g3 Nc6 4. Bg2 Nf6 5. d3 d6 6. O-O Be7 7. c3 O-O 8. Na3 a6
9. Re1 Qc7 10. Nc2 Ne5 11. d4 Nxf3+ 12. Bxf3 cxd4 13. cxd4 Bd7 14. Bd2 Bc6 15.
Nb4 a5 16. Nxc6 bxc6 17. Rc1 Qb6 18. Bc3 d5 19. e5 Nd7 20. Be2 a4 21. Bd3 c5
22. Bc2 a3 23. Rb1 axb2 24. Rxb2 Qa7 25. Qb1 Rfb8 26. Bxh7+ Kh8 27. Bc2 Rxb2
28. Qxb2 Qxa2 29. Qb7 Rb8 30. Qxd7 Qxc2 31. Ba5 Rb2 32. Rf1 Bg5 33. Qxf7 cxd4
34. Qxe6 Qe4 35. h4 Bh6 36. Qe8+ Kh7 37. h5 Re2 38. Rd1 Qf5 39. Qg6+ Qxg6 40.
hxg6+ Kxg6 41. f4 Kf5 42. Rxd4 g5 43. Bd2 gxf4 44. gxf4 Re4 45. Rxe4 dxe4 46.
Kf2 Bf8 47. Be3 Kg4 48. Ke2 Bb4 49. Kd1 1/2-1/2

[Event "Liga Madrileña - DH 2016-2017"]
[Site "Madrid ESP"]
[Date "2016.11.20"]
[Round "1.13"]
[White "Baigorri Navarro, Francisco Javier"]
[Black "Longa Yauca, Javier"]
[Result "0-1"]
[WhiteElo "2192"]
[BlackElo "2353"]
[PlyCount "42"]
[EventDate "2016.11.20"]
[EventType "team-tourn"]
[EventRounds "14"]
[EventCountry "ESP"]
[SourceTitle "Ajedrez en Madrid"]
[Source "lmi"]
[SourceDate "2016.11.20"]
[WhiteTeam "Pueblo Nuevo"]
[BlackTeam "64 Villalba"]
[WhiteTeamCountry "ESP"]
[BlackTeamCountry "ESP"]

1. Nf3 Nf6 2. c4 e6 3. g3 c5 4. Bg2 Nc6 5. O-O d6 6. Nc3 Be7 7. d4 cxd4 8. Nxd4
Bd7 9. e4 O-O 10. Be3 Qa5 11. Rc1 Rac8 12. Nb3 Qd8 13. f4 Ne8 14. c5 Na5 15.
cxd6 Nxd6 16. e5 Nf5 17. Bxa7 Nc4 18. Qe2 b6 19. Rfd1 Qc7 20. Bb8 Rxb8 21. Ne4
b5 0-1

[Event "Liga Madrileña - DH 2016-2017"]
[Site "Madrid ESP"]
[Date "2016.11.20"]
[Round "1.14"]
[White "Ruperez Benito, Antonio"]
[Black "Iturbide Arnedo, Oscar"]
[Result "1-0"]
[WhiteElo "2313"]
[BlackElo "2182"]
[PlyCount "91"]
[EventDate "2016.11.20"]
[EventType "team-tourn"]
[EventRounds "14"]
[EventCountry "ESP"]
[SourceTitle "Ajedrez en Madrid"]
[Source "lmi"]
[SourceDate "2016.11.20"]
[WhiteTeam "64 Villalba"]
[BlackTeam "Pueblo Nuevo"]
[WhiteTeamCountry "ESP"]
[BlackTeamCountry "ESP"]

1. e4 c5 2. Nf3 Nc6 3. Bb5 d6 4. O-O Bd7 5. c3 Nf6 6. Re1 a6 7. Bxc6 Bxc6 8. d4
Bxe4 9. Bg5 Bd5 10. c4 Bxf3 11. Qxf3 cxd4 12. Bxf6 gxf6 13. Qxf6 Rg8 14. Qxd4
Bg7 15. Qd2 e6 16. Nc3 Bxc3 17. Qxc3 Qg5 18. Qf3 O-O-O 19. g3 Rd7 20. Rad1 Kb8
21. Rd4 Qc5 22. Red1 Rg5 23. Qd3 Rf5 24. Rd2 h5 25. a3 a5 26. Qc3 Qc6 27. R2d3
a4 28. Qd2 Rc5 29. Rxd6 Rxd6 30. Rxd6 Qf3 31. Rd8+ Ka7 32. Qd4 Qc6 33. Rd6 Qc8
34. h4 b6 35. Rd7+ Ka6 36. Rxf7 Rxc4 37. Qd3 b5 38. Qe3 Qa8 39. Qxe6+ Rc6 40.
Qe3 Rd6 41. Kh2 Rc6 42. Re7 Rb6 43. Re6 Rxe6 44. Qxe6+ Ka5 45. Qf7 Kb6 46. Qxh5
1-0

[Event "Liga Madrileña - DH 2016-2017"]
[Site "Madrid ESP"]
[Date "2016.11.20"]
[Round "1.15"]
[White "Nieto de la Cruz, Julio"]
[Black "Rioboo de la Riva, Alvaro"]
[Result "1-0"]
[WhiteElo "2144"]
[BlackElo "2272"]
[PlyCount "87"]
[EventDate "2016.11.20"]
[EventType "team-tourn"]
[EventRounds "14"]
[EventCountry "ESP"]
[SourceTitle "Ajedrez en Madrid"]
[Source "lmi"]
[SourceDate "2016.11.20"]
[WhiteTeam "Pueblo Nuevo"]
[BlackTeam "64 Villalba"]
[WhiteTeamCountry "ESP"]
[BlackTeamCountry "ESP"]

1. d4 Nf6 2. Nf3 g6 3. Bf4 Bg7 4. e3 d6 5. Be2 O-O 6. h3 Nbd7 7. O-O Qe8 8. c4
e5 9. Bh2 e4 10. Nfd2 Qe7 11. Nc3 a6 12. Qc2 Re8 13. Rfd1 h5 14. b4 b6 15. a4
Bb7 16. a5 Rac8 17. b5 axb5 18. a6 Ba8 19. Nxb5 Nf8 20. Qa4 Ne6 21. Na7 Rb8 22.
Nc6 Bxc6 23. Qxc6 Nd8 24. Qb5 Ra8 25. Ra4 Nd7 26. Qb1 Bxd4 27. Nxe4 Bc5 28. Bf3
Ra7 29. Nc3 c6 30. Ne4 Ne5 31. Nxc5 bxc5 32. Bxe5 Qxe5 33. Qb8 Qe7 34. Qxd6 Qg5
35. Ra5 Ne6 36. Qxc6 Rd8 37. Bd5 Qe5 38. Rb1 Rd6 39. Qc8+ Rd8 40. Qc6 Rd6 41.
Qe8+ Kh7 42. Qb8 Qc3 43. Qxa7 Qxa5 44. Qxf7+ 1-0

[Event "Liga Madrileña - DH 2016-2017"]
[Site "Madrid ESP"]
[Date "2016.11.20"]
[Round "1.16"]
[White "Veganzonez Rojo, David"]
[Black "Barez Menendez, Hector"]
[Result "1-0"]
[WhiteElo "2117"]
[BlackElo "2142"]
[PlyCount "62"]
[EventDate "2016.11.20"]
[EventType "team-tourn"]
[EventRounds "14"]
[EventCountry "ESP"]
[SourceTitle "Ajedrez en Madrid"]
[Source "lmi"]
[SourceDate "2016.11.20"]
[WhiteTeam "64 Villalba"]
[BlackTeam "Pueblo Nuevo"]
[WhiteTeamCountry "ESP"]
[BlackTeamCountry "ESP"]

1. c4 e6 2. g3 d5 3. Bg2 c6 4. Nf3 f5 5. O-O Nf6 6. d3 Bd6 7. Nbd2 O-O 8. Qc2
e5 9. e4 fxe4 10. dxe4 d4 11. c5 Bc7 12. Ng5 Qe7 13. f4 h6 14. fxe5 Bxe5 15.
Ngf3 Nbd7 16. Nb3 Ng4 17. Bd2 Rd8 18. Rae1 b6 19. Bh3 Nxc5 20. Nxc5 bxc5 21.
Bxg4 Bxg4 22. Nxe5 Qxe5 23. Rc1 Re8 24. Qxc5 Qxc5 25. Rxc5 Rxe4 26. Rxc6 Re2
27. Rf2 Rxf2 28. Kxf2 Re8 29. Bf4 Re2+ 30. Kg1 Rxb2 31. Rd6 Rxa2 1-0

[Event "Liga Madrileña - DH 2016-2017"]
[Site "Madrid ESP"]
[Date "2016.11.20"]
[Round "1.21"]
[White "Serrano Salvador, Eduardo"]
[Black "Candela Perez, Jose"]
[Result "0-1"]
[WhiteElo "2304"]
[BlackElo "2400"]
[PlyCount "88"]
[EventDate "2016.11.20"]
[EventType "team-tourn"]
[EventRounds "14"]
[EventCountry "ESP"]
[SourceTitle "Ajedrez en Madrid"]
[Source "lmi"]
[SourceDate "2016.11.20"]
[WhiteTeam "Moratalaz"]
[BlackTeam "La Casa del Ajedrez"]
[WhiteTeamCountry "ESP"]
[BlackTeamCountry "ESP"]

1. d4 d5 2. Nf3 Nf6 3. Bg5 c5 4. Bxf6 gxf6 5. dxc5 e6 6. c4 dxc4 7. Qxd8+ Kxd8
8. e3 Rg8 9. Na3 Bxc5 10. O-O-O+ Ke7 11. Nxc4 b5 12. Ncd2 Bb7 13. g3 a6 14. Bg2
f5 15. Ne1 Nc6 16. Nb3 Bb6 17. Nd3 Rac8 18. Kb1 a5 19. Ndc5 Ba8 20. a4 Bxc5 21.
Nxc5 Ne5 22. Bxa8 Rxc5 23. Bg2 bxa4 24. Rc1 Rb5 25. Ka1 Rgb8 26. Rc7+ Kf6 27.
f4 Ng4 28. Rd1 a3 29. Rdd7 axb2+ 30. Kb1 Nh6 31. Bf3 Kg6 32. Bd1 Rb4 33. Bc2 a4
34. Rd4 Ng4 35. Bxa4 Nxe3 36. Rxb4 Rxb4 37. Rc3 Nf1 38. Bb3 Nd2+ 39. Kxb2 f6
40. Kc2 Nxb3 41. Rxb3 Rxb3 42. Kxb3 e5 43. fxe5 fxe5 44. Kc4 Kg5 0-1

[Event "Liga Madrileña - DH 2016-2017"]
[Site "Madrid ESP"]
[Date "2016.11.20"]
[Round "1.22"]
[White "Suarez Uriel, Adrian"]
[Black "Solaesa Navalpotro, Luis Julio"]
[Result "1-0"]
[WhiteElo "2354"]
[BlackElo "2215"]
[PlyCount "80"]
[EventDate "2016.11.20"]
[EventType "team-tourn"]
[EventRounds "14"]
[EventCountry "ESP"]
[SourceTitle "Ajedrez en Madrid"]
[Source "lmi"]
[SourceDate "2016.11.20"]
[WhiteTeam "La Casa del Ajedrez"]
[BlackTeam "Moratalaz"]
[WhiteTeamCountry "ESP"]
[BlackTeamCountry "ESP"]

1. e4 c6 2. d4 d5 3. f3 Qb6 4. Nc3 e6 5. a3 Nf6 6. Be3 c5 7. exd5 exd5 8. Bb5+
Bd7 9. Qe2 Kd8 10. dxc5 Bxc5 11. Bxc5 Qxc5 12. Bxd7 Nbxd7 13. O-O-O Rc8 14. Qd2
Nb6 15. Qd4 a6 16. Nh3 Qxd4 17. Rxd4 Rc4 18. Rhd1 Rxd4 19. Rxd4 Kc7 20. a4 Kc6
21. Nf4 Kc5 22. Nce2 Re8 23. Nd3+ Kc6 24. Nef4 g5 25. Nh3 h6 26. b3 Nbd7 27.
Nhf2 Nc5 28. Kd2 Ne6 29. Rb4 a5 30. Rb5 b6 31. Ne5+ Kc7 32. Neg4 Nxg4 33. Nxg4
Rd8 34. Nxh6 Nd4 35. Nxf7 Rd7 36. Nxg5 Nxb5 37. axb5 Kd6 38. f4 Ke7 39. h4 Kf6
40. h5 Kg7 1-0

[Event "Liga Madrileña - DH 2016-2017"]
[Site "Madrid ESP"]
[Date "2016.11.20"]
[Round "1.23"]
[White "Cortes Jurado, Rafael"]
[Black "Bass, Leonid"]
[Result "0-1"]
[WhiteElo "2119"]
[BlackElo "2368"]
[PlyCount "110"]
[EventDate "2016.11.20"]
[EventType "team-tourn"]
[EventRounds "14"]
[EventCountry "ESP"]
[SourceTitle "Ajedrez en Madrid"]
[Source "lmi"]
[SourceDate "2016.11.20"]
[WhiteTeam "Moratalaz"]
[BlackTeam "La Casa del Ajedrez"]
[WhiteTeamCountry "ESP"]
[BlackTeamCountry "ESP"]

1. d4 Nf6 2. c4 e6 3. Nc3 Bb4 4. e3 c5 5. Bd3 Nc6 6. Nge2 d6 7. O-O Bxc3 8.
bxc3 e5 9. d5 Ne7 10. Ng3 O-O 11. f4 exf4 12. exf4 b5 13. cxb5 a6 14. c4 axb5
15. Bb2 bxc4 16. Bxc4 Nf5 17. Nxf5 Bxf5 18. Bd3 Bxd3 19. Qxd3 Ra4 20. Qf5 Qd7
21. Qg5 h6 22. Qh4 Qf5 23. Bxf6 Qxf6 24. Qxf6 gxf6 25. Rf3 Rfa8 26. a3 Rd4 27.
Rb1 Rxd5 28. Rg3+ Kf8 29. Rh3 h5 30. g4 Kg7 31. gxh5 Kh6 32. Rb7 Ra4 33. Rxf7
Rxf4 34. Rg3 Rxh5 35. Rd7 Rd4 36. Rf7 Rg5 37. Rxf6+ Kh5 38. Kf2 Rxg3 39. hxg3
Kg5 40. Rf8 d5 41. Ra8 Rd3 42. a4 Kf5 43. a5 Ke4 44. a6 Rf3+ 45. Kg2 Rf7 46. a7
Kd4 47. g4 c4 48. g5 c3 49. g6 Rc7 50. Rf8 Rxa7 51. Rf7 Ra6 52. g7 Rg6+ 53. Kf2
c2 54. Rc7 Kd3 55. Ke1 Rxg7 0-1

[Event "Liga Madrileña - DH 2016-2017"]
[Site "Madrid ESP"]
[Date "2016.11.20"]
[Round "1.24"]
[White "Guadamuro Torrente, Anabel"]
[Black "Mansilla Tolosa, Luis Eduardo"]
[Result "1/2-1/2"]
[WhiteElo "2130"]
[BlackElo "2057"]
[PlyCount "94"]
[EventDate "2016.11.20"]
[EventType "team-tourn"]
[EventRounds "14"]
[EventCountry "ESP"]
[SourceTitle "Ajedrez en Madrid"]
[Source "lmi"]
[SourceDate "2016.11.20"]
[WhiteTeam "La Casa del Ajedrez"]
[BlackTeam "Moratalaz"]
[WhiteTeamCountry "ESP"]
[BlackTeamCountry "ESP"]

1. e4 c5 2. d3 g6 3. g3 Bg7 4. Bg2 e6 5. f4 Ne7 6. Nf3 d5 7. Nbd2 O-O 8. O-O
Nbc6 9. Re1 b6 10. e5 f6 11. exf6 Bxf6 12. Ne5 Qd6 13. Ndf3 Bb7 14. Qe2 Rae8
15. c3 Qc7 16. Ng4 Bc8 17. Nxf6+ Rxf6 18. b4 Nf5 19. g4 Ng7 20. bxc5 bxc5 21.
Qf2 Ba6 22. Qxc5 Rc8 23. Qf2 Bxd3 24. Qh4 Ne8 25. Ng5 Qd7 26. Re3 Ba6 27. Rh3
Rc7 28. Be3 d4 29. Rd1 d3 30. Ne4 Rf7 31. Nc5 Qc8 32. Be4 Ne7 33. Bxd3 Bxd3 34.
Nxd3 Nd5 35. Ne5 Rg7 36. Bd2 Nd6 37. c4 Nxc4 38. Nxc4 Rxc4 39. Rd3 Qc5+ 40. Kg2
Rf7 41. Qd8+ Rf8 42. Qd7 Re4 43. Rc1 Qb6 44. Rxd5 exd5 45. Rc7 Re2+ 46. Kh3
Qxc7 47. Qxc7 Rxd2 1/2-1/2

[Event "Liga Madrileña - DH 2016-2017"]
[Site "Madrid ESP"]
[Date "2016.11.20"]
[Round "1.25"]
[White "Gonzalez Rivera, Eduardo"]
[Black "Collado Barbas, Laura"]
[Result "0-1"]
[WhiteElo "2040"]
[BlackElo "2096"]
[PlyCount "58"]
[EventDate "2016.11.20"]
[EventType "team-tourn"]
[EventRounds "14"]
[EventCountry "ESP"]
[SourceTitle "Ajedrez en Madrid"]
[Source "lmi"]
[SourceDate "2016.11.20"]
[WhiteTeam "Moratalaz"]
[BlackTeam "La Casa del Ajedrez"]
[WhiteTeamCountry "ESP"]
[BlackTeamCountry "ESP"]

1. e4 e6 2. d4 d5 3. Nd2 Nf6 4. e5 Nfd7 5. f4 c5 6. c3 Nc6 7. Ndf3 Qb6 8. Ne2
cxd4 9. cxd4 Bb4+ 10. Kf2 Be7 11. g3 g5 12. fxg5 Ndxe5 13. Nxe5 Nxe5 14. Kg2
Nc6 15. b3 e5 16. h4 Bg4 17. Bb2 e4 18. Kh2 h6 19. gxh6 Rxh6 20. Qd2 Rh7 21.
Bg2 O-O-O 22. Rac1 Rg8 23. Bh3 Bxh3 24. Kxh3 Qc7 25. Qf4 Rxh4+ 26. gxh4 Qd7+
27. Kh2 Bd6 28. Rhg1 Bxf4+ 29. Nxf4 Rg4 0-1

[Event "Liga Madrileña - DH 2016-2017"]
[Site "Madrid ESP"]
[Date "2016.11.20"]
[Round "1.26"]
[White "Perez Cuadrado Robles, Alejandro"]
[Black "Garcia Gonzalez, Jesus"]
[Result "1-0"]
[WhiteElo "2025"]
[BlackElo "2033"]
[PlyCount "64"]
[EventDate "2016.11.20"]
[EventType "team-tourn"]
[EventRounds "14"]
[EventCountry "ESP"]
[SourceTitle "Ajedrez en Madrid"]
[Source "lmi"]
[SourceDate "2016.11.20"]
[WhiteTeam "La Casa del Ajedrez"]
[BlackTeam "Moratalaz"]
[WhiteTeamCountry "ESP"]
[BlackTeamCountry "ESP"]

1. e4 e6 2. d3 d5 3. Nd2 c5 4. Ngf3 Nc6 5. g3 Nf6 6. Bg2 Be7 7. O-O b5 8. Re1
O-O 9. e5 Nd7 10. Nf1 Re8 11. h4 Nf8 12. N1h2 f5 13. Bg5 a5 14. Bxe7 Rxe7 15.
Ng5 a4 16. a3 b4 17. c3 bxc3 18. bxc3 Rb7 19. Rb1 Qc7 20. Rxb7 Bxb7 21. d4 cxd4
22. cxd4 Qb6 23. Nhf3 Qb3 24. Qa1 Qb6 25. Rb1 Qc7 26. Qc3 Ba6 27. Bf1 Bxf1 28.
Kxf1 h6 29. Nh3 Rc8 30. Nf4 Na5 31. Qxc7 Rxc7 32. Rb8 Kf7 1-0

[Event "Liga Madrileña - DH 2016-2017"]
[Site "Madrid ESP"]
[Date "2016.11.20"]
[Round "1.31"]
[White "Almagro Llamas, Pablo"]
[Black "Valles Moreno, Ivan"]
[Result "0-1"]
[WhiteElo "2446"]
[BlackElo "2438"]
[PlyCount "62"]
[EventDate "2016.11.20"]
[EventType "team-tourn"]
[EventRounds "14"]
[EventCountry "ESP"]
[SourceTitle "Ajedrez en Madrid"]
[Source "lmi"]
[SourceDate "2016.11.20"]
[WhiteTeam "Virgen de Atocha"]
[BlackTeam "Liberty Chess"]
[WhiteTeamCountry "ESP"]
[BlackTeamCountry "ESP"]

1. d4 Nf6 2. c4 g6 3. Nc3 Bg7 4. Nf3 O-O 5. g3 d6 6. Bg2 Nbd7 7. O-O e5 8. e4
exd4 9. Nxd4 Re8 10. h3 Nc5 11. Re1 Bd7 12. Rb1 h6 13. b4 Ne6 14. Nxe6 Bxe6 15.
Nd5 Nd7 16. Qc2 b5 17. Ne3 a5 18. bxa5 bxc4 19. Bd2 Nc5 20. Nxc4 d5 21. exd5
Bf5 22. Qd1 Bxb1 23. Qxb1 Rb8 24. Rxe8+ Qxe8 25. Qd1 Qb5 26. Qf1 Qa4 27. a3 Qc2
28. Be3 Bf8 29. d6 Bxd6 30. Nxd6 cxd6 31. a6 Rb1 0-1

[Event "Liga Madrileña - DH 2016-2017"]
[Site "Madrid ESP"]
[Date "2016.11.20"]
[Round "1.32"]
[White "Perez Gonzalez, Jose Manuel"]
[Black "Rubio Mejia, Luis Ignacio"]
[Result "0-1"]
[WhiteElo "2322"]
[BlackElo "2443"]
[PlyCount "90"]
[EventDate "2016.11.20"]
[EventType "team-tourn"]
[EventRounds "14"]
[EventCountry "ESP"]
[SourceTitle "Ajedrez en Madrid"]
[Source "lmi"]
[SourceDate "2016.11.20"]
[WhiteTeam "Liberty Chess"]
[BlackTeam "Virgen de Atocha"]
[WhiteTeamCountry "ESP"]
[BlackTeamCountry "ESP"]

1. e4 c5 2. Nc3 e6 3. Bc4 Nc6 4. f4 Nge7 5. d3 d5 6. Bb3 dxe4 7. dxe4 Qxd1+ 8.
Kxd1 Nd4 9. Nf3 Nxf3 10. gxf3 Bd7 11. Be3 Rc8 12. Ba4 Nc6 13. Ne2 Be7 14. c4 a6
15. Kc1 O-O 16. Rd1 Rfd8 17. Rd3 b5 18. cxb5 Nb4 19. Rd2 axb5 20. Bc2 Bc6 21.
Nc3 Rxd2 22. Bxd2 Nxc2 23. Kxc2 f5 24. Re1 b4 25. Nd1 Bf6 26. Re2 Ra8 27. Kb1
Bb5 28. Re1 Bc4 29. e5 Bxa2+ 30. Kc2 Bh4 31. Re3 Bd5 32. Rd3 Be7 33. Rxd5 exd5
34. Ne3 Rd8 35. Nxf5 Kf7 36. Be1 Rf8 37. Bf2 d4 38. Kd3 g6 39. Ng3 Ke6 40. Ke4
h5 41. Ne2 Ra8 42. Ng3 Ra2 43. f5+ gxf5+ 44. Nxf5 Rxb2 45. Bg3 b3 0-1

[Event "Liga Madrileña - DH 2016-2017"]
[Site "Madrid ESP"]
[Date "2016.11.20"]
[Round "1.33"]
[White "Espinosa Aranda, Angel"]
[Black "Gallardo Garcia, Andres"]
[Result "1/2-1/2"]
[WhiteElo "2442"]
[BlackElo "2327"]
[PlyCount "115"]
[EventDate "2016.11.20"]
[EventType "team-tourn"]
[EventRounds "14"]
[EventCountry "ESP"]
[SourceTitle "Ajedrez en Madrid"]
[Source "lmi"]
[SourceDate "2016.11.20"]
[WhiteTeam "Virgen de Atocha"]
[BlackTeam "Liberty Chess"]
[WhiteTeamCountry "ESP"]
[BlackTeamCountry "ESP"]

1. e4 e5 2. Nf3 Nf6 3. Nxe5 d6 4. Nf3 Nxe4 5. Nc3 Nf6 6. d4 Be7 7. Bf4 Bg4 8.
h3 Bh5 9. g4 Bg6 10. Qd2 Nbd7 11. O-O-O Ne4 12. Nxe4 Bxe4 13. Be2 Nb6 14. Rhe1
O-O 15. Ng5 Bxg5 16. Bxg5 Qd7 17. h4 Qc6 18. h5 f6 19. Bh4 Rae8 20. b3 Bf3 21.
Bxf3 Qxf3 22. Rg1 Re2 23. Qd3 Qxd3 24. Rxd3 Nd5 25. Kd1 Rfe8 26. Bg3 b5 27. a3
a5 28. f3 b4 29. axb4 axb4 30. Be1 Kf7 31. Bd2 Rh2 32. Re1 Ra8 33. Kc1 Ra1+ 34.
Kb2 Rxe1 35. Bxe1 Re2 36. Bd2 Ke6 37. Kc1 f5 38. gxf5+ Kxf5 39. f4 Kg4 40. f5
Kxf5 41. Rg3 Kf6 42. Rf3+ Ke6 43. Rg3 Rh2 44. Kd1 Rxh5 45. Rxg7 Rh4 46. Ke2 h5
47. Kd3 Rh3+ 48. Kc4 Rh2 49. Kd3 Rh3+ 50. Kc4 Rh2 51. Kd3 c6 52. Rg6+ Kd7 53.
Rg7+ Ke6 54. Rg6+ Ke7 55. Rh6 Kd7 56. Rh7+ Ke6 57. Rh6+ Kd7 58. Rh7+ 1/2-1/2

[Event "Liga Madrileña - DH 2016-2017"]
[Site "Madrid ESP"]
[Date "2016.11.20"]
[Round "1.34"]
[White "Fernandez Garcia, Miguel Angel"]
[Black "Plazuelo Pascual, Juan"]
[Result "1/2-1/2"]
[WhiteElo "2366"]
[BlackElo "2307"]
[PlyCount "42"]
[EventDate "2016.11.20"]
[EventType "team-tourn"]
[EventRounds "14"]
[EventCountry "ESP"]
[SourceTitle "Ajedrez en Madrid"]
[Source "lmi"]
[SourceDate "2016.11.20"]
[WhiteTeam "Liberty Chess"]
[BlackTeam "Virgen de Atocha"]
[WhiteTeamCountry "ESP"]
[BlackTeamCountry "ESP"]

1. Nf3 Nf6 2. d4 b6 3. Bf4 Bb7 4. e3 e6 5. Bd3 h6 6. h3 Bd6 7. Bxd6 cxd6 8.
Nbd2 d5 9. Qe2 d6 10. O-O O-O 11. c4 dxc4 12. Bxc4 a6 13. a3 Nbd7 14. Ba2 Rc8
15. Rfc1 d5 16. Rxc8 Qxc8 17. Qd1 Qb8 18. Rc1 Rc8 19. Bb1 Ne8 20. Rxc8 Qxc8 21.
Qc2 Qxc2 1/2-1/2

[Event "Liga Madrileña - DH 2016-2017"]
[Site "Madrid ESP"]
[Date "2016.11.20"]
[Round "1.35"]
[White "Rabadan Velasco, Raul"]
[Black "Sanchez Gonzalez, Sergio"]
[Result "1/2-1/2"]
[WhiteElo "2230"]
[BlackElo "2282"]
[PlyCount "180"]
[EventDate "2016.11.20"]
[EventType "team-tourn"]
[EventRounds "14"]
[EventCountry "ESP"]
[SourceTitle "Ajedrez en Madrid"]
[Source "lmi"]
[SourceDate "2016.11.20"]
[WhiteTeam "Virgen de Atocha"]
[BlackTeam "Liberty Chess"]
[WhiteTeamCountry "ESP"]
[BlackTeamCountry "ESP"]

1. b3 e5 2. Bb2 Nc6 3. e3 Nf6 4. Bb5 Bd6 5. Na3 Na5 6. Be2 a6 7. d3 Qe7 8. Nb1
b5 9. Bf3 c6 10. Ne2 Bc7 11. Ng3 d5 12. Nd2 Rb8 13. O-O h5 14. e4 d4 15. c3
dxc3 16. Bxc3 h4 17. Nf5 Bxf5 18. exf5 b4 19. Bb2 O-O 20. Re1 Rfd8 21. d4 Qd7
22. dxe5 Nh7 23. Re2 Qxf5 24. Be4 Qh5 25. Bxh7+ Qxh7 26. Qb1 Rd3 27. Ne4 Rd5
28. Ng5 Qh5 29. Nf3 h3 30. Qe4 Re8 31. g4 Qh6 32. Qxb4 f5 33. gxf5 Qh5 34. Qe4
Rf8 35. f6 gxf6 36. Kh1 f5 37. Rg1+ Kf7 38. Qf4 Ke8 39. Re3 Bb6 40. Bd4 c5 41.
Bc3 c4 42. Bd4 Bc7 43. Rg5 Qh7 44. bxc4 Rd7 45. Ng1 Qf7 46. Bc5 Nxc4 47. Bxf8
Nxe3 48. Qxe3 Qd5+ 49. Nf3 Kxf8 50. Rxf5+ Ke8 51. Qg5 Qd1+ 52. Ng1 Re7 53. Qg8+
Kd7 54. Qb3 Qxb3 55. axb3 Bxe5 56. Nxh3 Ke6 57. Rh5 Rb7 58. f4 Bb2 59. Nf2 Rxb3
60. Ne4 Bd4 61. Kg2 a5 62. Rxa5 Rb2+ 63. Kg3 Re2 64. Ng5+ Kf6 65. h4 Bc3 66.
Rc5 Be1+ 67. Kg4 Rg2+ 68. Kf3 Rf2+ 69. Ke3 Rh2 70. Ne4+ Kg6 71. f5+ Kf7 72.
Rc7+ Kf8 73. Ng5 Bxh4 74. Ne6+ Ke8 75. Kf4 Be7 76. Rb7 Rf2+ 77. Ke4 Re2+ 78.
Kf3 Re1 79. Nf4 Rf1+ 80. Ke4 Re1+ 81. Kd5 Rd1+ 82. Ke4 Re1+ 83. Kf3 Rf1+ 84.
Kg3 Rg1+ 85. Kh3 Rh1+ 86. Kg2 Re1 87. Nd5 Re5 88. Nxe7 Rxe7 89. Rb5 Re3 90. Kf2
Ra3 1/2-1/2